| 000 | 00662cam a22002413a 4500 | ||
|---|---|---|---|
| 001 | 23740 | ||
| 003 | PGUSA | ||
| 005 | 20140828083515.0 | ||
| 008 | 071205s2007||||xxu|||||s|||||000 1 eng d | ||
| 040 |
_aPGUSA _beng |
||
| 042 | _adc | ||
| 050 | 4 | _aPH | |
| 100 | 1 |
_aMikszáth, Kálmán, _d1847-1910 |
|
| 245 | 1 | 0 |
_aDer Zauberkaftan _h[electronic resource] / _cKálmán Mikszáth |
| 260 |
_bProject Gutenberg, _c2007 |
||
| 506 | _aPublic domain in the USA. | ||
| 516 | _aElectronic text | ||
| 653 | _aHungary -- Fiction | ||
| 700 | 1 | _aSziklai, Viktor | |
| 830 | 0 |
_aProject Gutenberg _v23740 |
|
| 856 | 4 | 0 | _uhttp://www.gutenberg.org/ebooks/23740 |
| 942 | _cEB | ||
| 999 |
_c252995 _d252995 |
||